Cultural resources survey report : Brushy Creek Regional Utility Authority Water Treatment Plant in Travis County, Texas /

Bibliographic Details
Main Author: Gillentine, James
Corporate Author: Texas Antiquities Committee
Other Authors: Miller, Theresa K. (Theresa Kay), 1984-, Evans, Stacy
Format: Government Document Book
Language:English
Published: Austin, Tex. : Environmental & Planning Assoc., Inc. : Aci consulting, [2009]
Subjects:

MARC

Tag First Indicator Second Indicator Subfields
LEADER 00000cam a2200000Ia 4500
001 in00002545513
005 20151201090154.0
008 091012s2009 txuab b s000 0 eng d
035 |a (OCoLC)ocn456083909 
035 |a (OCoLC)456083909 
040 |a IKM  |c IKM  |d IKM  |d TXA  |d UtOrBLW 
043 |a n-us-tx 
049 |a TXAM 
086 |a A1900.7 P422 NO.4512  |2 txdocs 
090 |a F392.T7  |b G551 2009 
100 1 |a Gillentine, James. 
245 1 0 |a Cultural resources survey report :  |b Brushy Creek Regional Utility Authority Water Treatment Plant in Travis County, Texas /  |c by Environmental & Planning Associates, Inc. and James Gillentine, principal investigator, Theresa Miller and Stacy Evans. 
264 1 |a Austin, Tex. :  |b Environmental & Planning Assoc., Inc. :  |b Aci consulting,  |c [2009] 
300 |a iv, 63 pages, 11 unnumbered leaves :  |b color illustrations, color maps ;  |c 28 cm. 
336 |a text  |b txt  |2 rdacontent 
337 |a unmediated  |b n  |2 rdamedia 
338 |a volume  |b nc  |2 rdacarrier 
500 |a "January 2009." 
500 |a "[Texas Antiquities Committee] permit number 4512." 
500 |a "Submitted to: Texas Historical Commission, Austin, TX, on behalf of: Bushy Creek Regional Water Authority, Inc., Round Rock, Texas." 
504 |a Includes bibliographical references. 
650 0 |a Archaeological surveying  |z Texas  |z Travis County. 
650 0 |a Excavations (Archaeology)  |z Texas  |z Travis County. 
651 0 |a Travis County (Tex.)  |x Antiquities. 
700 1 |a Miller, Theresa K.  |q (Theresa Kay),  |d 1984- 
700 1 |a Evans, Stacy. 
710 2 |a Texas Antiquities Committee. 
994 |a C0  |b TXA 
948 |a cataloged  |b h  |c 2010/2/5  |d c  |e jwilkinson 
999 |a MARS 
999 f f |s 2bd1e55f-1f1e-3649-ae3f-d98932d35b59  |i e1a48c91-a88e-3d39-a9b1-e04470529e54  |t 0 
952 f f |p ric  |a Texas A&M University  |b Rellis Campus  |c Joint Library Facility  |d Remote Storage  |t 0  |e F392.T7 G551 2009  |h Library of Congress classification  |i unmediated -- volume  |m A14838039072 
998 f f |a F392.T7 G551 2009  |t 0  |l Remote Storage